000 00791nam a2200253Ia 4500
003 OSt
005 20220926005020.0
006 a|||||r|||| 00| 0
007 ta
008 220923b |||||||| |||| 00| 0 eng d
020 _a8178292963
037 _cGeneral Book
040 _aRTL
_cRTL
_beng
041 _2eng
_aeng
082 _aY49(J):47.2.N5, P4
100 _aSingha Roy Debal K
_932682
245 0 _aPeasant movements in post colonial India
_bDynamics of mobilization and identity
260 _a New Delhi
_bSage Publication India
_c2004
300 _a275p
_ccm.
500 _aBibliography P 247-261
650 _aPeasantry Occupational Sociology
_9309613
942 _hY49(J):47.2.N5, P4
_cGB
_2CC
999 _c612770
_d612770